000 00649nam a2200229Ia 4500
003 OSt
005 20221002054737.0
006 a|||||r|||| 00| 0
007 ta
008 220930b |||||||| |||| 00| 0 eng d
024 _a70182
037 _cReference Collections
040 _aCRL
_cCRL
_beng
041 _2eng
_aeng
082 _aC85:(G0aL), L5(RR)
100 _aCalvin M. Ed.
_9576181
245 0 _afoundations of space biology and medicine
260 _c1975
700 _a Gazenko O.G. Ed.
_9576182
942 _hC85:(G0aL), L5(RR)
_cref
_2CC
999 _c925695
_d925695